Top 25 reprezentacji w rankingu FIFA - Statystyki

Ogólne statystyki
  • Ten quiz został rozwiązany 411 razy
    127 od ostatniego zresetowania
  • Średni wynik to 19 z 25
Statystyki odpowiedzi
Miejsce Reprezentacja % Poprawnych
1 Argentyna
100%
2 Francja
100%
5 Brazylia
98%
8 Hiszpania
97%
6 Portugalia
95%
4 Anglia
92%
9 Włochy
92%
7 Holandia
91%
3 Belgia
89%
16 Niemcy
89%
11 Stany Zjednoczone
83%
14 Meksyk
80%
10 Chorwacja
79%
18 Japonia
78%
15 Urugwaj
75%
12 Kolumbia
73%
19 Szwajcaria
72%
22 Ukraina
66%
13 Maroko
64%
25 Austria
62%
21 Dania
58%
23 Korea Południowa
57%
17 Senegal
57%
24 Australia
52%
20 Iran
39%
Nie znaleziono quizów pasujących do podanych kryteriów
Rozkład punktacji
Procent ludzi z każdym wynikiem
Percentyl według liczby udzielonych odpowiedzi
Twoja historia wyników
Nie rozwiązałeś tego quizu od ostatniego zresetowania